000
00240nam a2200097Ia 4500
008
220204s9999 xx 000 0 und d
082
_a
019.4(73)
_b
BOO
245
0
_a
Books in print. 1981-82. 4 V
260
_a
New York
_b
R R Bowker
942
_c
BK
999
_c
36631
_d
36631